Представление документа в формате RUSMARC

ПолеНазваниеЗначение
  Тип записи a
  Библиографический уровень a
001 Контрольный номер 53f86d4373bc4bcb85d75eb045641a11
005 Дата корректировки 20260218165005.6
100 Данные общей обработки __
a Данные общей обработки 20260218 ||| 0rusy0189 ca
101 Язык документа 0_
a Язык текста rus
102 Страна публикации __
a Страна публикации RU
200 Заглавие и сведения об ответственности 1_
a Заглавие Не страшна ежам зима
e Сведения, относящиеся к заглавию [стихотворение]
f Первые сведения об ответственности Ю. Богодист
333 Примечание о целевом назначении __
a Примечание о целевом назначении 6+
461 Уровень набора _0
1 2000
a Шишкин лес
463 Уровень физической единицы _0
1 2000
a № 1
v С. 15 : ил.
1 2101
d 2026
1 001b1e21e70af774f069bec951648ba564a
606 Тематические рубрики 0_
a Основная рубрика Русская поэзия - 21 в.
610 Ключевые слова 0_
a Ключевые слова российская поэзия, детская поэзия, стихи для детей, стихи о животных, стихи о зиме, стихи о ежах, зима (х. л.), ежи (х. л.)
686 Индексы других классификаций __
a Классификационный индекс Р2
700 Автор _1
a Фамилия Богодист
b Имя (инициалы) Ю.
g Полное личное имя Юлия
801 Источник записи _0
a Страна RU
b Организация УОБДЮ
c Дата составления 20260218
g Правила каталогизации RCR
801 Источник записи _1
a Страна RU
b Организация УОБДЮ
c Дата составления 20260218
g Правила каталогизации RCR
901 Тип документа __
t Тип документа b
w Контрольный № источника b1e21e70af774f069bec951648ba564a
905 Данные по созданию БЗ __
b Логин пользователя, который создал БЗ ibo4
909 Создатель записи __
a Создатель записи Бобылёва И.В.
910 Корректоры записи __
a Корректор записи Бобылёва И.В.